Building organizational intelligence (Record no. 667)

MARC details
000 -LEADER
fixed length control field 00573nam a22001937a 4500
005 - DATE AND TIME OF LATEST TRANSACTION
control field 20250420134821.0
008 - FIXED-LENGTH DATA ELEMENTS--GENERAL INFORMATION
fixed length control field 210930b ||||| |||| 00| 0 eng d
020 ## - INTERNATIONAL STANDARD BOOK NUMBER
International Standard Book Number 9780367455620
040 ## - CATALOGING SOURCE
Original cataloging agency KCST
Transcribing agency KCST
082 ## - DEWEY DECIMAL CLASSIFICATION NUMBER
Classification number 658.4038
Item number Li Bu
100 ## - MAIN ENTRY--PERSONAL NAME
Personal name Liebowitz, Jay
9 (RLIN) 5255
245 ## - TITLE STATEMENT
Title Building organizational intelligence
Remainder of title a knowledge management primer /
Statement of responsibility, etc. Jay Liebowitz
260 ## - PUBLICATION, DISTRIBUTION, ETC.
Place of publication, distribution, etc. Boca Raton:
Name of publisher, distributor, etc. CRC Press
Date of publication, distribution, etc. @2000
300 ## - PHYSICAL DESCRIPTION
Extent 1 volume ;
Dimensions 24 cm
650 ## - SUBJECT ADDED ENTRY--TOPICAL TERM
Topical term or geographic name entry element Organizational learning.
9 (RLIN) 5256
650 ## - SUBJECT ADDED ENTRY--TOPICAL TERM
Topical term or geographic name entry element Knowledge management.
9 (RLIN) 5257
942 ## - ADDED ENTRY ELEMENTS (KOHA)
Koha item type Book
942 ## - ADDED ENTRY ELEMENTS (KOHA)
Source of classification or shelving scheme Dewey Decimal Classification
Holdings
Withdrawn status Lost status Source of classification or shelving scheme Damaged status Not for loan Home library Current library Date acquired Source of acquisition Cost, normal purchase price Total checkouts Full call number Barcode Date last seen Date last checked out Cost, replacement price Price effective from Koha item type
    Dewey Decimal Classification     KCST Library KCST Library 30/09/2021 KCSTFIN/ACA/LIB/0012/21-22 17.80 1 658.4038 Li Bu 1000000852 04/10/2021 30/09/2021 17.80 30/09/2021 Book
© 2025 KCST. All rights reserved